000 00431nam a2200169Ia 4500
003 LK-CoDNM
008 010623t2010 xxu||||| |||| 00| 1 sin d
040 _aLK-CoDNM
_dLK-CoDNM
_eLK-CoDNM
041 _asin
080 _aX 8 S 1 ''13/14'' KAV
100 _aThilakasiri,Siri
_eed.
245 _aකව්සිළුමිණ
246 _aKavsilumina
260 _bRathna
_aColombo
_c2010
300 _b409, 21 cm
942 _cBK
999 _c129722
_d129722